Disney Animated Films by Era - Statistics

General Stats
  • This quiz has been taken 530 times
    431 since last reset
  • The average score is 47 of 64
Answer Stats
Age / Era Year Animated Movie % Correct
The Golden Age 1937 Snow White and the {Seven Dwarfs}
94%
The Bronze Age 1973 {Robin} Hood
93%
The Silver Age 1951 {Alice} in Wonderland
92%
The Silver Age 1955 Lady and the {Tramp}
92%
The Silver Age 1953 {Peter} Pan
92%
The Revival Era 2011 Winnie the {Pooh}
92%
The Bronze Age 1977 The Many Adventures of {Winnie} the Pooh
91%
The Renaissance Era 1991 {Beauty} and the Beast
90%
The Post-Renaissance Era 2002 Lilo & {Stitch}
90%
The Silver Age 1963 The {Sword} in the Stone
90%
The Revival Era 2012 Wreck-It {Ralph}
90%
The Silver Age 1967 The {Jungle} Book
89%
The Renaissance Era 1989 The Little {Mermaid}
88%
The Post-Renaissance Era 2009 The Princess and the {Frog}
88%
The Renaissance Era 1994 The {Lion} King
87%
The Silver Age 1959 {Sleeping} Beauty
85%
The Renaissance Era 1996 The {Hunchback} of Notre Dame
85%
The Revival Era 2018 Ralph Breaks the {Internet}
84%
The Revival Era 2014 Big Hero {6}
83%
The Post-Renaissance Era 2003 Brother {Bear}
83%
The Post-Renaissance Era 2000 The Emperor's New {Groove}
83%
The Bronze Age 1981 The Fox and the {Hound}
83%
The Revival Era 2016 Z{ootopia}
83%
The Revival Era 2025 Z{ootopia} II
83%
The Golden Age 1940 P{inocchio}
82%
The Golden Age 1942 B{ambi}
79%
The Silver Age 1961 One Hundred and One {Dalmatians}
79%
The Silver Age 1950 C{inderella}
78%
The Golden Age 1941 D{umbo}
78%
The Golden Age 1940 F{antasia}
77%
The Revival Era 2013 F{rozen}
76%
The Revival Era 2016 M{oana}
76%
The Revival Era 2024 M{oana} II
76%
The Revival Era 2021 {Raya} and the Last Dragon
76%
The Bronze Age 1986 The Great {Mouse} Detective
76%
The Revival Era 2019 {Frozen} II
75%
The Post-Renaissance Era 2007 Meet the {Robinsons}
75%
The Post-Renaissance Era 2001 {Atlantis}: The Lost Empire
73%
The Post-Renaissance Era 2005 {Chicken} Little
73%
The Renaissance Era 1995 P{ocahontas}
71%
The Renaissance Era 1998 M{ulan}
68%
The Revival Era 2022 Strange {World}
67%
The Renaissance Era 1999 Fantasia {2000}
65%
The Bronze Age 1988 {Oliver} & Company
65%
The Bronze Age 1970 The A{ristocats}
65%
The Renaissance Era 1997 H{ercules}
64%
The Bronze Age 1977 The R{escuers}
64%
The Renaissance Era 1990 The {Rescuers} Down Under
64%
The Renaissance Era 1992 A{laddin}
63%
The Revival Era 2021 E{ncanto}
63%
The Post-Renaissance Era 2002 Treasure {Planet}
63%
The Revival Era 2010 T{angled}
61%
The Bronze Age 1985 The Black {Cauldron}
61%
The Post-Renaissance Era 2004 Home on the {Range}
59%
The Wartime Era 1943 Saludos {Amigos}
58%
The Renaissance Era 1999 T{arzan}
54%
The Wartime Era 1949 The Adventures of {Ichabod} and Mr. Toad
51%
The Post-Renaissance Era 2008 B{olt}
45%
The Revival Era 2023 W{ish}
44%
The Wartime Era 1948 Melody {Time}
43%
The Wartime Era 1945 The Three {Caballeros}
43%
The Wartime Era 1946 Make Mine {Music}
42%
The Post-Renaissance Era 2000 D{inosaur}
36%
The Wartime Era 1947 Fun and {Fancy Free}
36%
No matching quizzes found
Score Distribution
Percent of People with Each Score
Percentile by Number Answered
Your Score History
You have not taken this quiz since the last reset